Statistics for The Ballad of Songbirds and Snakes: Tributes and Mentors

Click here to take the quiz!

General Stats

  • This quiz has been taken 50 times
  • The average score is 24 of 48

Answer Stats

HintCharacter% Correct
District 12 Girl's MentorCoriolanus Snow
100%
DIstirct 12 GirlLucy Gray
94%
District 2 Boy's MentorSejanus Plinth
88%
District 10 Girl's MentorArachne Crane
82%
District 11 Boy's MentorClemensia Dovecote
79%
District 2 BoyMarcus
79%
District 12 BoyJessup
74%
District 11 BoyReaper
74%
District 12 Boy's MentorLysistrata Vickers
71%
District 1 Boy's MentorLivia Cardew
68%
District 3 Boy's MentorIo Jasper
65%
District 8 Girl's MentorHilarius Heavensbee
62%
District 8 BoyBobbin
59%
District 11 GirlDill
59%
District 4 Girl's MentorFestus Creed
59%
District 7 BoyTreech
59%
District 6 Boy's MentorApollo Ring
56%
District 4 GirlCoral
56%
District 6 Girl's MentorDiana Ring
56%
District 7 GirlLamina
56%
District 4 BoyMizzen
53%
District 7 Girl's MentorPliny Harrington
53%
District 8 GirlWovey
53%
District 10 BoyTanner
50%
District 10 GirlBrandy
44%
District 3 BoyCirc
44%
District 3 GirlTeslee
41%
District 5 BoyHy
38%
District 4 Boy's MentorPersephone Price
38%
District 5 GirlSol
38%
District 3 Girl's MentorUrban Canville
38%
District 11 Girl's MentorFelix Ravinstill
35%
District 7 Boy's MentorVipsania Sickle
35%
District 1 BoyFacet
32%
District 9 Boy's MentorGaius Breen
32%
District 1 GirlVelvereen
32%
District 5 Boy's MentorDennis Fling
29%
District 6 GirlGinnee
29%
District 5 Girl's MentorIphigenia Moss
29%
District 2 GirlSabyn
29%
District 9 Girl's MentorAndrocles Anderson
26%
District 10 Boy's MentorDomitia Whimsiwick
26%
District 2 Girl's MentorFlorus Friend
26%
District 6 BoyOtto
26%
District 9 BoyPanlo
26%
District 9 GirlSheaf
26%
District 8 Boy's MentorJuno Phipps
24%
District 1 Girl's MentorPalmyra Monty
24%

Score Distribution

Percentile by Number Answered

Percent of People with Each Score

Your Score History

You have not taken this quiz